Light reflectance values (Record no. 75931)

MARC details
000 -LEADER
fixed length control field 01144cab a2200205 4500
001 - CONTROL NUMBER
control field L131059
008 - FIXED-LENGTH DATA ELEMENTS--GENERAL INFORMATION
fixed length control field 050923n2005 000 0 eng u
035 ## - SYSTEM CONTROL NUMBER
System control number (Sirsi) u131059
041 0# - LANGUAGE CODE
Language code of text/sound track or separate title eng
100 1# - MAIN ENTRY--PERSONAL NAME
Personal name Cook, Geoff
245 00 - TITLE STATEMENT
Title Light reflectance values
260 ## - PUBLICATION, DISTRIBUTION, ETC.
Date of publication, distribution, etc. 2005
490 #0 - SERIES STATEMENT
Series statement Access by Design
Volume/sequential designation (104) Autumn 2005, 13-16(4)
520 ## - SUMMARY, ETC.
Summary, etc. Summarises research into Light Reflectance Values (LRV) of articles such as door furniture, in respect of "BS 8300: 2001 Design of buildings and their approaches to meet the needs of disabled: code of practice", which uses very general terms regarding the identification of door furniture, such as handles, on doors. Details research methodology and conclusions. Results showed that in relation to a three-dimensional object, such as a lever handle, the LRV difference between it and its mounting surface is not as important as first thought. Lighting levels in general are a more important factor.
590 ## - LOCAL NOTE (RLIN)
Local note IKA270905
650 24 - SUBJECT ADDED ENTRY--TOPICAL TERM
Topical term or geographic name entry element BS 8300: 2001
690 ## - LOCAL SUBJECT ADDED ENTRY--TOPICAL TERM (OCLC, RLIN)
Topical term or geographic name as entry element MANAGEMENT-BUSINESS MANAGEMENT-DISCRIMINATION-DISABILITY DISCRIMINATION
700 1# - ADDED ENTRY--PERSONAL NAME
Personal name Shirville, Graham
942 ## - ADDED ENTRY ELEMENTS (KOHA)
Suppress in OPAC 0
Holdings
Withdrawn status Lost status Source of classification or shelving scheme Damaged status Not for loan Home library Current library Shelving location Date acquired Total Checkouts Full call number Barcode Date last seen Copy number Price effective from Koha item type
    Dewey Decimal Classification     London London Journal article 23/09/2005   L131059 131059-1001 06/08/2019 1 06/08/2019 Journal article